Bí mật tư duy triệu phú = Secrets of the millionaire mind

Nội dung cuốn sách tác giả tiết lộ những bí mật tại sao một số người lại đạt được những thành công vượt bậc, được số phận ban cho cuộc sống sung túc, giàu có, trong khi một số người khác phải chật vật, vất vả mới có cuộc sống...

תיאור מלא

שמור ב:
מידע ביבליוגרפי
מחבר ראשי: Eker, T. Harv
מחברים אחרים: Kim Liên (Dịch)
פורמט: ספר
שפה:Vietnamese
יצא לאור: Tp. Hồ Chí Minh Tổng hợp Tp. Hồ Chí Minh 2023
מהדורה:Tái bản
נושאים:
תגים: הוספת תג
אין תגיות, היה/י הראשונ/ה לתייג את הרשומה!
Thư viện lưu trữ: Thư viện Trường Đại học Nam Cần Thơ
LEADER 01593nam a22002177a 4500
001 NCT_4_013080
008 240926b xxu||||| |||| 00| 0 vie d
999 |c 8617  |d 8617 
020 |a 9786045874035  |c 78000 
082 0 4 |2 23rd ed.  |a 332.024  |b E39 
100 1 |a Eker, T. Harv 
245 1 0 |a Bí mật tư duy triệu phú =  |b Secrets of the millionaire mind  |c T.Harv Eker; Kim Liên (dịch) 
250 |a Tái bản 
260 |a Tp. Hồ Chí Minh  |b Tổng hợp Tp. Hồ Chí Minh  |c 2023 
300 |a 287 tr.  |c 21cm 
520 3 |a Nội dung cuốn sách tác giả tiết lộ những bí mật tại sao một số người lại đạt được những thành công vượt bậc, được số phận ban cho cuộc sống sung túc, giàu có, trong khi một số người khác phải chật vật, vất vả mới có cuộc sống qua ngày. Bạn sẽ hiểu được nguồn gốc sự thật và những yếu tố quyết định thành công, thất bại để rồi áp dụng, thay đổi cách suy nghĩ, lên kế hoạch và tìm cách làm việc, đầu tư, sử dụng nguồn tài chính của bạn theo hướng hiệu quả nhất. 
653 |a Tham khảo 
700 0 |a Kim Liên  |e Dịch 
942 |2 ddc  |c BK 
952 |0 0  |1 0  |2 ddc  |4 0  |6 332_024000000000000_E39  |7 0  |9 29537  |a 000001  |b 000001  |d 2024-09-26  |o 332.024 E39  |p TK.04665  |r 2024-09-26  |v 78000.00  |w 2024-09-26  |y BK 
980 |a Thư viện Trường Đại học Nam Cần Thơ